000 00700nam a22002177a 4500
005 20160121101402.0
008 110516s2012 nyua b 001 0 eng
020 _a9780071759182 (hardback : acidfree paper)
020 _a0071759182 (hardback : acidfree paper)
041 0 _aeng
080 _a658
100 1 _aMetz, Adam.
245 1 4 _aThe social customer :
_cAdam Metz.
260 _aNew York :
_bMcGraw-Hill,
_c2012.
300 _a279 f. :
_bme il.;
_c24 cm.
505 0 _aIndex: f. 272 - 279
650 0 _aOrganizimi
650 0 _aMarketingu
650 0 _aBranding (Marketing)
942 _2udc
_cBK
999 _c662
_d662